| 000 | 00733nam a2200253 i 4500 | ||
|---|---|---|---|
| 001 | bg | ||
| 100 | 1 | _aMUSZYŃSKI, Jerzy | |
| 245 | 0 |
_aRównania różniczkowe zwyczajne / _cJ. Muszyński, A.D. Myszkis. |
|
| 260 |
_aWarszawa : _bPańst. Wydaw. Naukowe, _c1984. |
||
| 300 |
_a458,[1]s. : _brys., wykr. ; _c24 cm. |
||
| 490 | 1 | _aMatematyka dla Politechnik | |
| 504 | _aBibliogr. s.453. | ||
| 650 | 9 | _aRównania różniczkowe zwyczajne | |
| 655 | _aPodręczniki akademickie | ||
| 700 | 1 | _aMYSZKIS, A. D. | |
| 830 | _aMatematyka dla Politechnik | ||
| 020 | _a8301045930 | ||
| 040 | _cBPK | ||
| 041 | _apol | ||
| 080 | _a517.9(075.8) | ||
| 920 | _a83-01-04593-0 | ||
| 942 | _cKS | ||
| 008 | s pl f |000 0 pol | ||
| 999 |
_c1056 _d1056 |
||
| 856 |
_uhttp://koha.tu.koszalin.pl/cgi-bin/koha/opac-detail.pl?biblionumber=1056 _yKatalog online BPK |
||